[Event "Irish Championship 2013"]
[Site "Limerick IRL"]
[Date "2013.07.13"]
[Round "8.3"]
[White "O'Connor, Jonathan"]
[Black "O'Cinneide, Mel"]
[Result "0-1"]
[WhiteElo "2149"]
[BlackElo "2225"]
[WhiteICU "2140"]
[BlackICU "2171"]
[WhiteClub "Dublin"]
[BlackClub "Rathmines"]
[WhiteNationality "IRL"]
[BlackNationality "IRL"]
[WhiteFideId "2501112"]
[BlackFideId "2500620"]
[WhiteICUId "1243"]
[BlackICUId "720"]
[PlyCount "132"]
[EventDate "2013.07.06"]
[Source "Tournament web site"]
[BlackFullName "&Oacute; Cinn&eacute;ide, Mel"]

{ Event information: <a
href="https://www.irlchess.com/irlch2013_allfiles/pairings_irlch2013.html">Tournament
report</a>. }

1. d4 Nf6 2. c4 e6 3. Nc3 Bb4 4. e3 O-O 5. Ne2 d5 6. a3 Bd6 7. c5 Be7 8. b4
b6 9. Nf4 a5 10. Bd2 axb4 11. axb4 Rxa1 12. Qxa1 Nc6 13. Qa4 e5 14. Qxc6
exf4 15. exf4 Bd7 16. Qb7 Re8 17. Be2 bxc5 18. bxc5 Bxc5 19. Be3 Bc8 20.
Qb5 Bd6 21. h3 Bd7 22. Qb3 Qa8 23. O-O Rb8 24. Qc2 Qa3 25. Rb1 Rxb1+ 26.
Nxb1 Qb4 27. Nd2 Bb5 28. Bxb5 Qxb5 29. Nb3 Qc4 30. Qd1 Ne4 31. Nd2 Qd3 32.
Qf1 Qc2 33. Nxe4 Qxe4 34. Qc1 h5 35. f3 Qd3 36. g4 Qe2 37. gxh5 Qxf3 38.
Kh2 Qxh5 39. Qf1 Qf5 40. Kg2 Qg6+ 41. Kf2 Kh7 42. Qg2 Qc2+ 43. Kf1 Qd3+ 44.
Qe2 Qb1+ 45. Kg2 Qe4+ 46. Qf3 Kg6 47. Kf2 Qxf3+ 48. Kxf3 Kf5 49. Bc1 Bb4
50. Be3 Bc3 51. Bf2 Bd2 52. Bg3 Bc1 53. Bh2 Ba3 54. Bg1 Bd6 55. Be3 Ba3 56.
Bd2 c5 57. dxc5 Bxc5 58. Be1 g6 59. Ba5 Bd6 60. Bd2 d4 61. Bc1 Bb4 62. Bb2
Bc3 63. Ba3 d3 64. Bd6 Be1 65. Ke3 d2 66. Ke2 Bg3 0-1

[Event "Irish Championship 2013"]
[Site "Limerick IRL"]
[Date "2013.07.13"]
[Round "8.4"]
[White "Cormican, John"]
[Black "Redmond, John P."]
[Result "0-1"]
[WhiteElo "1965"]
[BlackElo "2217"]
[WhiteICU "1803"]
[BlackICU "2176"]
[WhiteClub "Galway"]
[BlackClub "Atticus ENG"]
[WhiteNationality "IRL"]
[BlackNationality "IRL"]
[WhiteFideId "2506220"]
[BlackFideId "2500051"]
[WhiteICUId "6523"]
[BlackICUId "1422"]
[PlyCount "84"]
[EventDate "2013.07.06"]
[Source "Tournament web site"]

{ Event information: <a
href="https://www.irlchess.com/irlch2013_allfiles/pairings_irlch2013.html">Tournament
report</a>. }

1. e4 e6 2. d4 d5 3. e5 c5 4. c3 Nc6 5. Nf3 Bd7 6. Be2 Rc8 7. O-O a6 8. a3
c4 9. Nbd2 Na5 10. g3 Bc6 11. h4 Qd7 12. Kh2 Ba4 13. Qe1 Bc2 14. Bd1 Bd3
15. Rg1 Ne7 16. g4 h5 17. Ng5 hxg4 18. Bxg4 Nf5 19. Bxf5 Bxf5 20. f4 Be7
21. Qg3 Bf8 22. Kg2 Kd8 23. Kf2 Kc7 24. Rh1 Rh5 25. Qg2 Rh8 26. h5 Kb8 27.
Qf3 f6 28. exf6 gxf6 29. Nh3 Bh6 30. Qg3 Rhg8 31. Qh2 Ka8 32. Ng1 e5 33.
fxe5 fxe5 34. Ndf3 Bxc1 35. Rxc1 exd4 36. Nxd4 Nb3 37. Nxb3 cxb3 38. Nf3
Be4 39. Rcg1 Bxf3 40. Kxf3 Qf5+ 41. Qf4 Qd3+ 42. Kf2 Rgf8 0-1

[Event "Irish Championship 2013"]
[Site "Limerick IRL"]
[Date "2013.07.13"]
[Round "8.5"]
[White "Delaney, Killian"]
[Black "Fox, Anthony"]
[Result "1/2-1/2"]
[WhiteElo "2117"]
[BlackElo "2093"]
[WhiteICU "2067"]
[BlackICU "2027"]
[WhiteClub "Rathmines"]
[BlackClub "Dun Laoghaire"]
[WhiteNationality "IRL"]
[BlackNationality "IRL"]
[WhiteFideId "2501570"]
[BlackFideId "2500736"]
[WhiteICUId "5104"]
[BlackICUId "456"]
[PlyCount "44"]
[EventDate "2013.07.06"]
[Source "Tournament web site"]

{ Event information: <a
href="https://www.irlchess.com/irlch2013_allfiles/pairings_irlch2013.html">Tournament
report</a>. }

1. a3 e5 2. d4 exd4 3. Qxd4 Nc6 4. Qd3 Nf6 5. b4 Be7 6. Bb2 d6 7. Nf3 Bg4
8. Nbd2 Qd7 9. h3 Bf5 10. e4 Bg6 11. Nh4 Nh5 12. Nxg6 hxg6 13. g4 Nf4 14.
Qg3 Ne6 15. Nf3 Bf6 16. e5 Nxe5 17. Nxe5 Bxe5 18. Bxe5 dxe5 19. Qxe5 O-O-O
20. Bd3 Qd4 21. Qxd4 Rxd4 22. Ke2 Rhd8 1/2-1/2

[Event "Irish Championship 2013"]
[Site "Limerick IRL"]
[Date "2013.07.13"]
[Round "8.6"]
[White "Freeman, Gordon"]
[Black "Quinn, Rory"]
[Result "1/2-1/2"]
[WhiteElo "2047"]
[BlackElo "2101"]
[WhiteICU "2023"]
[BlackICU "2071"]
[WhiteClub "Gonzaga"]
[BlackClub "Ennis"]
[WhiteNationality "IRL"]
[BlackNationality "IRL"]
[WhiteFideId "2501309"]
[BlackFideId "2501643"]
[WhiteICUId "4153"]
[BlackICUId "1405"]
[PlyCount "113"]
[EventDate "2013.07.06"]
[Source "Tournament web site"]

{ Event information: <a
href="https://www.irlchess.com/irlch2013_allfiles/pairings_irlch2013.html">Tournament
report</a>. }

1. d4 Nc6 2. Nf3 d6 3. e4 Nf6 4. c3 g6 5. Bd3 Bg7 6. O-O O-O 7. h3 e5 8.
Re1 a6 9. Nbd2 Nd7 10. Nb3 Ne7 11. Be3 b6 12. Qd2 c5 13. dxe5 dxe5 14. Qe2
Qc7 15. a4 Bb7 16. Nbd2 h6 17. Bc2 f5 18. Bb3+ Kh8 19. exf5 gxf5 20. Bf4
Ng6 21. Bg3 Qc6 22. Qf1 e4 23. Nh4 f4 24. Bd5 Qxd5 25. Nxg6+ Kh7 26. Nxf8+
Rxf8 27. Bh4 f3 28. g3 Qe6 29. Rad1 b5 30. axb5 axb5 31. Re3 c4 32. Rde1
Nc5 33. Rxf3 Rxf3 34. Nxf3 Nd3 35. Re3 Qd5 36. Nd2 Nxb2 37. Nxe4 Nd1 38.
Re1 Nxc3 39. f3 Nxe4 40. fxe4 Qd4+ 41. Kh2 Bxe4 42. Be7 c3 43. Bc5 Qd2+ 44.
Re2 Qd3 45. Qe1 Bf3 46. Re7 Qd2+ 47. Bf2 Qxe1 48. Bxe1 b4 49. Kg1 Kg6 50.
Rxg7+ Kxg7 51. Kf2 Bd5 52. Ke3 Kf6 53. Kd4 Ke6 54. Kc5 c2 55. Bd2 Ke5 56.
Kxb4 h5 57. Kc3 1/2-1/2

[Event "Irish Championship 2013"]
[Site "Limerick IRL"]
[Date "2013.07.13"]
[Round "8.7"]
[White "Orr, Mark J. L."]
[Black "Crichton, Martin"]
[Result "1-0"]
[WhiteTitle "IM"]
[WhiteElo "2247"]
[BlackElo "1965"]
[WhiteICU "2208"]
[WhiteClub "Wandering Dragons SCO"]
[BlackClub "Greenford ENG"]
[WhiteNationality "IRL"]
[BlackNationality "IRL"]
[WhiteFideId "2500035"]
[BlackFideId "2500973"]
[WhiteICUId "1350"]
[BlackICUId "268"]
[PlyCount "89"]
[EventDate "2013.07.06"]
[Source "Tournament web site"]

{ Event information: <a
href="https://www.irlchess.com/irlch2013_allfiles/pairings_irlch2013.html">Tournament
report</a>. }

1. c4 e5 2. Nc3 Bb4 3. g3 Nf6 4. Bg2 Bxc3 5. dxc3 O-O 6. Nf3 d6 7. Nd2 c6
8. e4 Be6 9. Qe2 Qc8 10. O-O Bh3 11. Rd1 Bxg2 12. Kxg2 Na6 13. Nf1 Qe6 14.
Bg5 Ne8 15. g4 Nc5 16. f3 Qd7 17. Be3 Qe7 18. Qd2 Ne6 19. Ng3 g6 20. Bh6
N6g7 21. Bxg7 Kxg7 22. h4 Rd8 23. h5 Nf6 24. Rh1 d5 25. Qg5 Qe6 26. exd5
cxd5 27. c5 Ng8 28. Rae1 f6 29. Qe3 g5 30. Nf5+ Kf7 31. Re2 Ne7 32. Nd6+
Rxd6 33. cxd6 Qxd6 34. Qxa7 Qc6 35. Rd1 e4 36. Qe3 Qe6 37. fxe4 Qxg4+ 38.
Kf1 dxe4 39. Qxe4 Qh3+ 40. Ke1 Qg3+ 41. Kf1 Qh3+ 42. Kg1 Qg3+ 43. Rg2 Qh3
44. Qxh7+ Ke8 45. Re1 1-0

[Event "Irish Championship 2013"]
[Site "Limerick IRL"]
[Date "2013.07.14"]
[Round "9.1"]
[White "Daly, Colm"]
[Black "Short, Philip"]
[Result "1/2-1/2"]
[WhiteTitle "FM"]
[BlackTitle "FM"]
[WhiteElo "2339"]
[BlackElo "2260"]
[WhiteICU "2298"]
[WhiteClub "Bray/Greystones"]
[WhiteNationality "IRL"]
[BlackNationality "IRL"]
[WhiteFideId "2500434"]
[BlackFideId "2500086"]
[WhiteICUId "295"]
[BlackICUId "1557"]
[PlyCount "28"]
[EventDate "2013.07.06"]
[Source "Live boards"]

{ Event information: <a
href="https://www.irlchess.com/irlch2013_allfiles/pairings_irlch2013.html">Tournament
report</a>. }

1. d4 d5 2. c4 c6 3. cxd5 cxd5 4. Nf3 Nf6 5. Nc3 Nc6 6. Bf4 Nh5 7. Be5 f6
8. Bg3 Nxg3 9. hxg3 g6 10. e3 Bg7 11. Qc2 f5 12. a3 e6 13. g4 Ne7 14. Bb5+
Kf8 1/2-1/2

[Event "Irish Championship 2013"]
[Site "Limerick IRL"]
[Date "2013.07.14"]
[Round "9.2"]
[White "O'Cinneide, Mel"]
[Black "Redmond, John P."]
[Result "0-1"]
[WhiteElo "2225"]
[BlackElo "2217"]
[WhiteICU "2171"]
[BlackICU "2176"]
[WhiteClub "Rathmines"]
[BlackClub "Atticus ENG"]
[WhiteNationality "IRL"]
[BlackNationality "IRL"]
[WhiteFideId "2500620"]
[BlackFideId "2500051"]
[WhiteICUId "720"]
[BlackICUId "1422"]
[PlyCount "98"]
[EventDate "2013.07.06"]
[Source "Live boards"]
[WhiteFullName "&Oacute; Cinn&eacute;ide, Mel"]

{ Event information: <a
href="https://www.irlchess.com/irlch2013_allfiles/pairings_irlch2013.html">Tournament
report</a>. }

1. c4 c5 2. Nf3 Nc6 3. d4 cxd4 4. Nxd4 Qb6 5. Nb3 e6 6. Nc3 Nf6 7. e3 d5 8.
cxd5 exd5 9. Nxd5 Nxd5 10. Qxd5 Bb4+ 11. Bd2 O-O 12. Qb5 Bxd2+ 13. Nxd2 Nb4
14. Qxb6 axb6 15. Kd1 Bf5 16. Bc4 Rfd8 17. Ke2 Nd3 18. Nf3 Nxb2 19. Bb5 Ra5
20. a4 Nxa4 21. Rxa4 Rxb5 22. Nd4 Bg4+ 23. Kd3 Rb2 24. f3 Bd7 25. Ra7 Bc6
26. Rha1 Rxg2 27. Ra8 Rf8 28. Nf5 f6 29. Ne7+ Kf7 30. Nxc6 Rxa8 31. Ne5+
fxe5 32. Rxa8 Rxh2 33. Rb8 Rb2 34. Rxb7+ Kf6 35. Ke4 Rb4+ 36. Kd5 Rb5+ 37.
Ke4 h5 38. Rb8 Rb4+ 39. Kd5 Rb5+ 40. Ke4 Rb4+ 41. Kd5 h4 42. Rf8+ Kg6 43.
Kxe5 h3 44. Rd8 h2 45. Rd1 Rh4 46. Rh1 Rh5+ 47. Kd6 Kf5 48. Kc6 Rh6+ 49.
Kb5 g5 0-1

[Event "Irish Championship 2013"]
[Site "Limerick IRL"]
[Date "2013.07.14"]
[Round "9.3"]
[White "Hughes, John L."]
[Black "Fitzsimons, David"]
[Result "1-0"]
[BlackTitle "FM"]
[WhiteElo "2046"]
[BlackElo "2331"]
[BlackICU "2312"]
[BlackClub "Elm Mount"]
[WhiteNationality "IRL"]
[BlackNationality "IRL"]
[WhiteFideId "2046105"]
[BlackFideId "2501961"]
[BlackICUId "6236"]
[PlyCount "69"]
[EventDate "2013.07.06"]
[Source "Live boards"]

{ Event information: <a
href="https://www.irlchess.com/irlch2013_allfiles/pairings_irlch2013.html">Tournament
report</a>. }

1. e4 e5 2. Nf3 Nc6 3. Bc4 Bc5 4. c3 Nf6 5. d3 O-O 6. O-O d5 7. exd5 Nxd5
8. Re1 Bg4 9. Nbd2 a6 10. h3 Bh5 11. Ne4 Ba7 12. Ng3 Bg6 13. Nxe5 Bxf2+ 14.
Kxf2 Nxe5 15. Rxe5 Qf6+ 16. Qf3 Qxe5 17. Qxd5 Qf6+ 18. Qf3 Qxf3+ 19. Kxf3
b5 20. Bb3 Bxd3 21. Be3 Rfe8 22. Bd4 Rad8 23. h4 h6 24. Rd1 Bg6 25. h5 Bh7
26. Rf1 Rd7 27. Kg4 Be4 28. Rf4 Bxg2 29. Kh4 Kh8 30. Nf5 Re4 31. Bxg7+ Kh7
32. Bxh6 Re2 33. Bf8 Rxb2 34. Ne7 f6 35. Rxf6 1-0

[Event "Irish Championship 2013"]
[Site "Limerick IRL"]
[Date "2013.07.14"]
[Round "9.5"]
[White "Fox, Anthony"]
[Black "Orr, Mark J. L."]
[Result "1/2-1/2"]
[BlackTitle "IM"]
[WhiteElo "2093"]
[BlackElo "2247"]
[WhiteICU "2027"]
[BlackICU "2208"]
[WhiteClub "Dun Laoghaire"]
[BlackClub "Wandering Dragons SCO"]
[WhiteNationality "IRL"]
[BlackNationality "IRL"]
[WhiteFideId "2500736"]
[BlackFideId "2500035"]
[WhiteICUId "456"]
[BlackICUId "1350"]
[PlyCount "30"]
[EventDate "2013.07.06"]
[Source "Live boards"]

{ Event information: <a
href="https://www.irlchess.com/irlch2013_allfiles/pairings_irlch2013.html">Tournament
report</a>. }

1. e4 c5 2. Nf3 Nc6 3. Bb5 g6 4. Bxc6 dxc6 5. d3 Bg4 6. h3 Bxf3 7. Qxf3 Bg7
8. Nc3 Nf6 9. O-O O-O 10. Be3 Nd7 11. Qg3 e6 12. a3 Qe7 13. Rab1 a5 14. f4
f5 15. e5 Rfd8 1/2-1/2

[Event "Irish Championship 2013"]
[Site "Limerick IRL"]
[Date "2013.07.14"]
[Round "9.6"]
[White "Quinn, Rory"]
[Black "Cormican, John"]
[Result "1-0"]
[WhiteElo "2101"]
[BlackElo "1965"]
[WhiteICU "2071"]
[BlackICU "1803"]
[WhiteClub "Ennis"]
[BlackClub "Galway"]
[WhiteNationality "IRL"]
[BlackNationality "IRL"]
[WhiteFideId "2501643"]
[BlackFideId "2506220"]
[WhiteICUId "1405"]
[BlackICUId "6523"]
[PlyCount "46"]
[EventDate "2013.07.06"]
[Source "Live boards"]

{ Event information: <a
href="https://www.irlchess.com/irlch2013_allfiles/pairings_irlch2013.html">Tournament
report</a>. }

1. d4 Nf6 2. Nc3 d5 3. Bg5 e6 4. e4 dxe4 5. Bxf6 gxf6 6. Nxe4 f5 7. Ng3 c5
8. Bb5+ Bd7 9. Bc4 Bg7 10. Nf3 Qb6 11. O-O cxd4 12. Nh5 Rg8 13. Nxg7+ Rxg7
14. Nxd4 Bc6 15. g3 f4 16. Bxe6 fxg3 17. Bxf7+ Kxf7 18. fxg3+ Kg8 19. c3
Qxb2 20. Rf2 Qxc3 21. Rc1 Qe3 22. Nf5 Qb6 23. Rb1 Qc5 1-0

[Event "Irish Championship 2013"]
[Site "Limerick IRL"]
[Date "2013.07.14"]
[Round "9.7"]
[White "O'Rourke, Ray"]
[Black "Quinn, Ciaran"]
[Result "1-0"]
[WhiteElo "2023"]
[BlackElo "2098"]
[WhiteICU "1907"]
[BlackICU "2031"]
[WhiteClub "Bray/Greystones"]
[BlackClub "Elm Mount"]
[WhiteNationality "IRL"]
[BlackNationality "IRL"]
[WhiteFideId "2501023"]
[BlackFideId "2500817"]
[WhiteICUId "1321"]
[BlackICUId "1398"]
[PlyCount "51"]
[EventDate "2013.07.06"]
[Source "Live boards"]
[BlackFullName "Quinn, Ciar&aacute;n"]

{ Event information: <a
href="https://www.irlchess.com/irlch2013_allfiles/pairings_irlch2013.html">Tournament
report</a>. }

1. d4 Nf6 2. Nf3 e6 3. Bf4 d5 4. e3 Nbd7 5. Nbd2 Be7 6. Bd3 O-O 7. O-O b6
8. Ne5 Bb7 9. h3 Ne4 10. f3 Nxd2 11. Qxd2 f6 12. Nxd7 Qxd7 13. g4 Bd6 14.
Qh2 Rad8 15. Rae1 Rfe8 16. h4 e5 17. dxe5 Bxe5 18. g5 Bxf4 19. Qxf4 Qd6 20.
Qxd6 Rxd6 21. f4 g6 22. f5 fxg5 23. hxg5 gxf5 24. Bxf5 Bc8 25. e4 dxe4 26.
Bxe4 1-0

[Event "Irish Championship 2013"]
[Site "Limerick IRL"]
[Date "2013.07.14"]
[Round "9.10"]
[White "Twomey, Pat"]
[Black "Crichton, Martin"]
[Result "1/2-1/2"]
[WhiteElo "1875"]
[BlackElo "1965"]
[WhiteICU "1677"]
[WhiteClub "C.C.Y.M.S."]
[BlackClub "Greenford ENG"]
[WhiteNationality "IRL"]
[BlackNationality "IRL"]
[WhiteFideId "2501937"]
[BlackFideId "2500973"]
[WhiteICUId "1637"]
[BlackICUId "268"]
[PlyCount "114"]
[EventDate "2013.07.06"]
[Source "Martin Crichton"]

{ Event information: <a
href="https://www.irlchess.com/irlch2013_allfiles/pairings_irlch2013.html">Tournament
report</a>. }

1. e3 d5 2. c4 c6 3. d4 Nf6 4. Nc3 a6 5. a4 Bf5 6. Nf3 e6 7. Be2 a5 8. O-O
Bd6 9. Ne5 Qc7 10. f4 h5 11. h3 Nbd7 12. Bd2 Bb4 13. cxd5 exd5 14. Rc1 Bxc3
15. Bxc3 g6 16. Be1 Kf8 17. Qb3 Kg7 18. Bh4 Be4 19. Bf3 Nb6 20. Bxf6+ Kxf6
21. Bxe4 dxe4 22. Qc2 Qd6 23. f5 gxf5 24. Qxe4 Qe6 25. g4 hxg4 26. hxg4
Rag8 27. Rxf5+ Ke7 28. Rxf7+ Ke8 29. Qf5 Qxf5 30. Rxf5 Nd7 31. Kg2 Rh4 32.
Kg3 Rgh8 33. Nxd7 Kxd7 34. Rcf1 Rh3+ 35. Kf4 Rh2 36. g5 R8h4+ 37. Ke5 Kc7
38. R1f2 R2h3 39. R2f3 Rh2 40. b3 Rg2 41. R3f4 Rh3 42. Rf3 Rh4 43. e4 Rhg4
44. R3f4 R4g3 45. Rf7+ Kb6 46. Rg7 Rxg5+ 47. Rxg5 Rxg5+ 48. Kf6 Rg3 49. e5
Re3 50. e6 Kc7 51. Ke7 Rxb3 52. Re4 Rf3 53. Ke8 Rf1 54. e7 Rf2 55. Re5 Rf4
56. d5 cxd5 57. Rxd5 b6 1/2-1/2